000 01305cam a22003617a 4500
003 CHAP
005 20220329142037.0
008 990416d1996 mx r 00010 spa d
010 _a77512
011 _a78484
035 _a88458
040 _cCHAP
090 _aFolleto 15128
100 0 0 _aEspinoza, Mónica.
_938092
245 1 3 _aLa ética en los programas de enseñanza de administración pública en Estados Unidos
_c/por Mónica Espinoza
260 _aMéxico, D.F. :
_bCentro de Investigación y Docencia Económicas. División de Administración Pública,
_c1966.
300 _a26 h. :
_bcuadros
410 2 _aCIDE. División de Administración Pública
490 0 _aDocumento de trabajo
_v; 39
590 _aBATCH-UPD
_b10
_c20130110
_lUCH01
_h0539
590 _aBATCH-UPD
_b10
_c20130410
_lUCH01
_h0220
590 _aBATCH-UPD
_b10
_c20130913
_lUCH01
_h1933
590 _aCONVERSION
_b10
_c20130109
_lUCH01
_h1343
650 1 4 _aAdministración pública
_zE.U.A.
_9941
650 1 4 _aEnseñanza
_xMetodología.
_937086
650 1 4 _aÉtica.
_982776
810 0 0 _aCIDE. División de Administración Pública
_923093
830 0 _aDocumento de trabajo
_v; 39
_933227
901 _aBK
905 _aGuadalupe Pinto C.
942 _cFOLL
949 _aFolleto 15128
_bBC
_cFOLL
_d884581
_eTS1
_i88458
_sb
999 _c77512
_d77512